Full House Character Quiz - Statistics

General Stats
  • This quiz has been taken 2,545 times
  • The average score is 9 of 10
Answer Stats
Hint Answer % Correct
The oldest daughter D.J.
99%
The dad Danny
97%
Dad's best friend Joey
97%
The youngest daughter Michelle
97%
The middle daughter stephanie
96%
The uncle Uncle Jesse
96%
Uncle's wife Becky
93%
Oldest's best friend Kimmy
93%
Uncle's first son Alex
84%
Uncle's second son Nicky
81%
No matching quizzes found
Score Distribution
Percent of People with Each Score
Percentile by Number Answered
Your Score History
You have not taken this quiz